Preface

Gespeichert in:
Bibliographische Detailangaben
1. Verfasser: Goda, Samuel
Weitere Verfasser: Tytarchuk, Oleksandr, Khylko, Maksym
Format: Buchkapitel
Sprache:Englisch
Tags: Tag hinzufügen
Keine Tags, Fügen Sie das erste Tag hinzu!

MARC

LEADER 00000naa$a2200000$$$4500
001 0216982
005 20240502083543.4
041 0 |a eng 
044 |a NL 
245 1 0 |a Preface  |c Samuel Goda, Oleksandr Tytarchuk, Maksym Khylko 
100 1 |a Goda, Samuel 
700 1 |a Tytarchuk, Oleksandr 
700 1 |a Khylko, Maksym